000 00782nam a2200181 a 4500
001 000039371
005 20201002031622.0
008 130625s2003 sp 001 0 spa d
020 _a8400081196
040 _aDO-SdBNP
_bspa
_cBNPHU
100 1 _aBarco del Barco
_965570
245 1 0 _aProfecía y sintaxis :
_bel uso de las formas verbales en los Profetas Menores preexílicos /
_cpor Francisco Javier del Barco del Barco.
260 _aMadrid :
_bConsejo Superior de Investigación Científicas :
_bInstituto de Filología, Departamento de Filología Bíblica y de Oriente Antiguo,
_c2003.
300 _a259 [8] p. ;
_c28 cm.
504 _aBibliografía : p. 243-259
500 _aIncluye bibliografía e índices
710 2 _aConsejo Superior de Investigación Científicas,
_963831
999 _c38861
_d38861